000 00425nam a2200133 a 4500
001 000041648
005 20201002035703.0
008 131015s19uu dr 000 0 spa d
040 _aDO-SdBNP
_bspa
_cBNPHU
100 1 _aRamos, J. Rafael
_968436
245 1 3 _aLa riqueza atraves del pensamiento :
_bcambie de la noche a la maƱana /
_cJ. Rafael Ramos.
260 _a[Santo Domingo ] :
_bMaxy,
_c190?].
300 _a134 p. ;
_c18 cm.
999 _c41138
_d41138